| 000 | 01418nam0a22003131 4500 | ||
|---|---|---|---|
| 001 | v19\rc\2001536 | ||
| 005 | 20251118181307.2 | ||
| 035 | _a(NLR Aleph) 005076945 | ||
| 090 |
_a7155387 _c7155387 |
||
| 100 | _a20251123 rusy50 | ||
| 101 | 0 | _arus | |
| 102 | _aRU | ||
| 105 | _ay z ||||| | ||
| 200 | 1 |
_aОб исследовании суррогата коровьего масла под названием "Алима" _f[Соч.] врача К.И. Завойского _g(Из Гигиен. лаб. Имп. Воен.-мед. акад.) |
|
| 210 |
_aПетроград _cтип. М. Меркушева _d[1915] |
||
| 215 |
_a23 с. _d26 |
||
| 309 | _aБез тит. л. и обл. | ||
| 311 | _aОтт. из т. 31, № 6 "Изв. Имп. Воен.-мед. акад." 1915, с. 267-290 | ||
| 320 | _aБиблиогр.: с. 23 | ||
| 488 | 0 |
_12001#$aИзвестия Императорской Военно-медицинской академии$v1915, т. 31, № 6 _1215##$aС. 267-290 _tИзвестия Императорской Военно-медицинской академии |
|
| 700 | 1 |
_aЗавойский _bК.И. _f1873- _gКонстантин Иванович |
|
| 801 | 0 |
_aRU _bNLR _gpsbo |
|
| 801 | 0 |
_aRU _bRuMoRGB _2psbo |
|
| 801 | 1 |
_aRU _bProSoft-M _2rusmarc |
|
| 852 |
_aNLR _j37.62.4.168 |
||
| 852 |
_aNLR _j37.62.4.154 |
||
| 899 |
_aRuMoRGB _jV 113/1263 |
||
| 942 | _cBOOK | ||
| 980 | _aNB | ||